000 00252nam a2200121Ia 4500
100 _aDatapro
942 _cBK
654 _aCobol -Notes
245 _aCobol -Notes
260 _bDatapro consultancy Services
_aPune
300 _a105
546 _aENGLISH
999 _c23438
_d23438